[Event "7th Parsvnath International Open Chess T"]
[Site "Modern School, Barakhamba Road"]
[Date "2009.01.14"]
[Round "5.22"]
[White "Phadke, Sohan"]
[Black "Bhat, Vinay S"]
[Result "1/2-1/2"]
[WhiteElo "2245"]
[BlackElo "2495"]
[PlyCount "43"]
[EventDate "2009.01.11"]

1. e4 e6 2. d4 d5 3. Nc3 Nc6 4. Nf3 Nf6 5. e5 Ne4 6. a3 Be7 7. Bd3 Nxc3 8. bxc3
Na5 9. O-O c5 10. dxc5 Nc6 11. Re1 O-O 12. Nd4 Bxc5 13. Qh5 g6 14. Qh6 f5 15.
Nf3 Rf7 16. Ng5 Rc7 17. Qh3 Bf8 18. g4 h6 19. Nf3 g5 20. Kh1 f4 21. Qh5 Be7 22.
Qg6+ 1/2-1/2

[Event "7th Parsvnath International Open Chess T"]
[Site "Modern School, Barakhamba Road"]
[Date "2009.01.14"]
[Round "5.23"]
[White "Saravana, Krishnan P"]
[Black "Laxman, R R."]
[Result "0-1"]
[WhiteElo "2243"]
[BlackElo "2478"]
[PlyCount "98"]
[EventDate "2009.01.11"]

1. e4 e5 2. Nf3 Nc6 3. Bb5 a6 4. Ba4 Nf6 5. O-O Be7 6. Qe2 b5 7. Bb3 O-O 8. c3
d5 9. d3 Re8 10. Re1 h6 11. a4 Bb7 12. Nbd2 Bf8 13. exd5 Nxd5 14. Ne4 Na5 15.
Ba2 b4 16. cxb4 Nxb4 17. Bd2 c5 18. Bxb4 cxb4 19. Ned2 Bd5 20. Bxd5 Qxd5 21.
Qe4 Qxe4 22. Rxe4 f6 23. Rae1 Red8 24. d4 Nc6 25. dxe5 Nxe5 26. Nxe5 Rxd2 27.
Nc4 Rc2 28. b3 Rd8 29. g4 Bc5 30. R4e2 Rxe2 31. Rxe2 Rd4 32. Re8+ Kf7 33. Rc8
Rxg4+ 34. Kf1 Bd4 35. Nd6+ Ke6 36. Rc6 Kd5 37. Rxa6 Rf4 38. Nb5 Rxf2+ 39. Ke1
Be3 40. Rd6+ Ke4 41. h4 Rh2 42. a5 Rxh4 43. a6 Rh1+ 44. Ke2 Rh2+ 45. Kd1 Ra2
46. Re6+ Kf3 47. Rd6 h5 48. Rd7 Rxa6 49. Rxg7 Rc6 0-1

[Event "7th Parsvnath International Open Chess T"]
[Site "Modern School, Barakhamba Road"]
[Date "2009.01.14"]
[Round "5.24"]
[White "Konguvel, Ponnuswamy"]
[Black "Das, Sayantan"]
[Result "1/2-1/2"]
[WhiteElo "2462"]
[BlackElo "2224"]
[PlyCount "66"]
[EventDate "2009.01.11"]

1. e4 e5 2. Nf3 Nc6 3. Bb5 a6 4. Ba4 Nf6 5. O-O Be7 6. Re1 b5 7. Bb3 d6 8. c3
O-O 9. h3 Na5 10. Bc2 c5 11. d4 cxd4 12. cxd4 Qc7 13. Nbd2 Rd8 14. b3 Nc6 15.
Bb2 Bb7 16. a3 exd4 17. Nxd4 d5 18. e5 Ne4 19. Nxc6 Qxc6 20. Rc1 Qh6 21. Nxe4
dxe4 22. Qg4 Rd2 23. Bxe4 Rxb2 24. Bxb7 Rxf2 25. Bd5 Qd2 26. Qf3 Bc5 27. Rf1
Bxa3 28. Rc7 Kh8 29. Rxf7 Rd8 30. Be4 Qh6 31. Rf5 Qe6 32. Rh5 g6 33. Rh4 Qxb3
1/2-1/2

[Event "7th Parsvnath International Open Chess T"]
[Site "Modern School, Barakhamba Road"]
[Date "2009.01.14"]
[Round "5.25"]
[White "Murali Krishnan, B T."]
[Black "Sahoo, Utkal Ranjan"]
[Result "1-0"]
[WhiteElo "2444"]
[BlackElo "2222"]
[PlyCount "113"]
[EventDate "2009.01.11"]

1. d4 d5 2. c4 c6 3. Nf3 Nf6 4. Nc3 a6 5. e3 b5 6. cxd5 cxd5 7. Bd3 Bb7 8. O-O
Nbd7 9. Bd2 e6 10. Ne5 Nxe5 11. dxe5 Nd7 12. f4 Nc5 13. Be2 d4 14. exd4 Qxd4+
15. Kh1 b4 16. Nb5 axb5 17. Bxb5+ Nd7 18. Be3 Qxd1 19. Rfxd1 Bd5 20. Rac1 Kd8
21. Bc6 Rc8 22. Bxd5 Rxc1 23. Bxc1 exd5 24. Rxd5 Bc5 25. g3 Kc7 26. Rd3 Rb8 27.
Kg2 Kc6 28. Kf3 Be7 29. Re3 Nc5 30. Bd2 Na4 31. Rb3 Kc5 32. Bc1 Kd5 33. Ke2 Kc4
34. Re3 Nb6 35. a3 Nd5 36. Re4+ Kb3 37. axb4 Bxb4 38. f5 Rc8 39. Rd4 Ne7 40.
Bg5 Rc5 41. Rxb4+ Kc2 42. Bxe7 Rxe5+ 43. Kf3 Rxe7 44. Rb8 Kd3 45. Rh8 h6 46. f6
Re3+ 47. Kg4 Re4+ 48. Kh3 gxf6 49. Rxh6 Re6 50. Rh4 Rb6 51. b4 f5 52. Rf4 Rh6+
53. Kg2 f6 54. h4 Ke3 55. h5 Ke2 56. Kh3 Ke3 57. Kh4 1-0

[Event "7th Parsvnath International Open Chess T"]
[Site "Modern School, Barakhamba Road"]
[Date "2009.01.14"]
[Round "5.26"]
[White "Fenil, Shah"]
[Black "Roy Chowdhury, Saptarshi"]
[Result "0-1"]
[WhiteElo "2213"]
[BlackElo "2444"]
[PlyCount "74"]
[EventDate "2009.01.11"]

1. e4 c5 2. c3 d6 3. d4 Nf6 4. Bd3 Nc6 5. Nf3 g6 6. O-O Bg7 7. h3 O-O 8. Bc2
Nd7 9. Be3 cxd4 10. cxd4 Nb6 11. Qe2 d5 12. Nc3 dxe4 13. Bxe4 Be6 14. Rfd1 Bc4
15. Qe1 e6 16. b3 Bd5 17. Nxd5 Nxd5 18. Rac1 Qd6 19. Bxd5 exd5 20. Qd2 Rfe8 21.
Bf4 Qd7 22. Re1 f6 23. Qd3 a6 24. Rxe8+ Rxe8 25. Re1 Rxe1+ 26. Nxe1 Qe6 27. Nc2
Qe4 28. Qxe4 dxe4 29. Bd6 Kf7 30. Bc5 f5 31. Kf1 Ke6 32. Ke2 f4 33. f3 Kd5 34.
fxe4+ Kxe4 35. Bb6 g5 36. Kd2 Bxd4 37. Bd8 Nxd8 0-1

[Event "7th Parsvnath International Open Chess T"]
[Site "Modern School, Barakhamba Road"]
[Date "2009.01.14"]
[Round "5.27"]
[White "Murshed, Niaz"]
[Black "Shantharam, K V."]
[Result "1-0"]
[WhiteElo "2429"]
[BlackElo "2191"]
[PlyCount "80"]
[EventDate "2009.01.11"]

1. d4 Nf6 2. Nf3 b5 3. Bg5 Ne4 4. Qd3 Nxg5 5. Nxg5 e6 6. Nxf7 Kxf7 7. Qf3+ Qf6
8. Qxa8 Nc6 9. c3 Ba6 10. a4 Nxd4 11. Qe4 Nb3 12. Ra2 Nc5 13. Qf3 bxa4 14. e4
Qxf3 15. gxf3 Bxf1 16. Kxf1 d5 17. Kg2 Be7 18. Rd1 Rd8 19. Na3 c6 20. Nc2 Rb8
21. Nb4 Rb6 22. Nd3 Nxd3 23. Rxd3 Bc5 24. Rd2 a3 25. b4 Bd6 26. Rxa3 Bb8 27.
Rda2 Rb7 28. Ra6 Rc7 29. R2a5 Ke7 30. Rc5 Kd6 31. c4 dxc4 32. Rxc4 Kd7 33. f4
Rb7 34. e5 Rb6 35. Rxb6 axb6 36. Kf3 g6 37. Kg4 h6 38. h4 Bc7 39. h5 g5 40.
fxg5 hxg5 1-0

[Event "7th Parsvnath International Open Chess T"]
[Site "Modern School, Barakhamba Road"]
[Date "2009.01.14"]
[Round "5.28"]
[White "Anilkumar, O T."]
[Black "Shyam, Sundar M"]
[Result "0-1"]
[WhiteElo "2207"]
[BlackElo "2426"]
[PlyCount "100"]
[EventDate "2009.01.11"]

1. d4 d5 2. Bf4 c5 3. e3 Nc6 4. c3 Nf6 5. Bd3 Qb6 6. Qb3 c4 7. Qxb6 axb6 8. Bc2
b5 9. b4 cxb3 10. Bxb3 Bf5 11. Be5 Na5 12. Nd2 e6 13. Bxf6 gxf6 14. f3 b4 15.
Ne2 bxc3 16. Nxc3 Bb4 17. Rc1 Rc8 18. Ne2 Ke7 19. Kd1 Rxc1+ 20. Nxc1 Rc8 21. e4
dxe4 22. Nxe4 Rd8 23. Ne2 Nc6 24. d5 Na5 25. Nf4 Nxb3 26. axb3 exd5 27. Ng3 Be6
28. Nd3 Bd6 29. Kd2 Ra8 30. Ne2 Ra2+ 31. Ke3 Bc7 32. g4 Bb6+ 33. Nd4 Kd6 34. h3
Ra3 35. Rb1 Bd7 36. Nc1 Bb5 37. Rb2 Ra1 38. Rc2 f5 39. gxf5 Ke5 40. f4+ Kd6 41.
f6 Ra8 42. Rd2 Re8+ 43. Kf3 Bxd4 44. Rxd4 Kc5 45. Rd2 d4 46. Nd3+ Bxd3 47. Rxd3
Re6 48. f5 Rxf6 49. Ke4 Rd6 50. Rg3 d3 0-1

[Event "7th Parsvnath International Open Chess T"]
[Site "Modern School, Barakhamba Road"]
[Date "2009.01.14"]
[Round "5.29"]
[White "Vinoth, Kumar"]
[Black "Girinath, P D S."]
[Result "1-0"]
[WhiteElo "2204"]
[BlackElo "2404"]
[PlyCount "71"]
[EventDate "2009.01.11"]

1. e4 Nc6 2. Nf3 d6 3. Bc4 Nf6 4. d3 Na5 5. Bd5 c6 6. Bxf7+ Kxf7 7. b4 e5 8.
bxa5 Qxa5+ 9. Bd2 Qc7 10. Ng5+ Kg8 11. f4 Bg4 12. Nf3 d5 13. fxe5 dxe4 14. dxe4
Nd7 15. Bc3 Bc5 16. Qd3 Re8 17. Nbd2 b5 18. Bb2 h6 19. h3 Be6 20. Nb3 Kh7 21.
O-O-O Be7 22. Qc3 Nb6 23. Nbd4 Bc4 24. Qa5 Qb7 25. Nf5 Be2 26. e6 Rd8 27. Rxd8
Rxd8 28. Qc3 Bf6 29. e5 Be7 30. Qe3 Bc4 31. Nd6 Qc7 32. Qe4+ g6 33. h4 Bxe6 34.
Ng5+ hxg5 35. hxg5+ Kg7 36. Qh4 1-0

[Event "7th Parsvnath International Open Chess T"]
[Site "Modern School, Barakhamba Road"]
[Date "2009.01.14"]
[Round "5.30"]
[White "Vaibhav, Suri"]
[Black "Khamzin, Olzhas"]
[Result "1/2-1/2"]
[WhiteElo "2193"]
[BlackElo "2401"]
[PlyCount "120"]
[EventDate "2009.01.11"]

1. e4 c5 2. Nf3 d6 3. d4 cxd4 4. Nxd4 Nf6 5. Nc3 a6 6. Bc4 e6 7. Bb3 b5 8. O-O
Be7 9. Qf3 Qc7 10. Qg3 O-O 11. Bh6 Ne8 12. Rfe1 Bd7 13. a3 Bf6 14. Nf3 Nc6 15.
Rad1 Rb8 16. Bg5 Ne5 17. Nxe5 dxe5 18. Re3 Bc6 19. Rf3 Kh8 20. Rfd3 a5 21. a4
bxa4 22. Nxa4 Bxg5 23. Qxg5 Nf6 24. Nc3 Nxe4 25. Nxe4 Bxe4 26. Rc3 Rbd8 27. Re1
Qd6 28. Qe3 Bb7 29. Rc5 e4 30. Rxa5 f5 31. Qc5 Qd2 32. Qc3 e3 33. Qxd2 Rxd2 34.
Rf1 Rfd8 35. Re5 Be4 36. f3 Rd1 37. Bc4 Bxc2 38. Rxe3 R1d2 39. Rxe6 h6 40. Rfe1
Kh7 41. R6e2 f4 42. Rc1 Bf5 43. Kf2 Rxe2+ 44. Kxe2 Rb8 45. b3 g5 46. Rd1 Kg7
47. Rd2 Kf6 48. Rd6+ Kg7 49. Kd2 h5 50. Kc3 Re8 51. b4 g4 52. Kd2 g3 53. h4 Re3
54. Bf1 Rb3 55. Rd4 Kf6 56. Rxf4 Ke5 57. Rc4 Rb2+ 58. Ke3 Rb3+ 59. Kd2 Rb2+ 60.
Ke3 Rb3+ 1/2-1/2

[Event "7th Parsvnath International Open Chess T"]
[Site "Modern School, Barakhamba Road"]
[Date "2009.01.14"]
[Round "5.31"]
[White "Prakash, G B."]
[Black "Mohamma, Javed"]
[Result "1-0"]
[WhiteElo "2397"]
[BlackElo "2188"]
[PlyCount "52"]
[EventDate "2009.01.11"]

1. d4 d5 2. c4 c6 3. e3 Nf6 4. Nc3 e6 5. Nf3 Nbd7 6. Qc2 Bd6 7. b3 O-O 8. Be2
dxc4 9. bxc4 e5 10. O-O Qe7 11. Rd1 a6 12. a4 Re8 13. h3 h6 14. a5 exd4 15.
exd4 Nf8 16. Bd3 Ne6 17. Re1 Qc7 18. Ne4 Nxe4 19. Rxe4 Bd7 20. Bd2 Nf4 21. c5
Rxe4 22. cxd6 Qxd6 23. Bxe4 Ne2+ 24. Kh1 Nxd4 25. Nxd4 Qxd4 26. Bc3 Qc5 1-0

[Event "7th Parsvnath International Open Chess T"]
[Site "Modern School, Barakhamba Road"]
[Date "2009.01.14"]
[Round "5.32"]
[White "Sharma, Dinesh K"]
[Black "Nath, Rupankar"]
[Result "1/2-1/2"]
[WhiteElo "2394"]
[BlackElo "2176"]
[PlyCount "27"]
[EventDate "2009.01.11"]

1. d4 d5 2. c4 e6 3. Nf3 Nf6 4. e3 a6 5. Nc3 Be7 6. Bd3 dxc4 7. Bxc4 b5 8. Bb3
Bb7 9. O-O O-O 10. Qe2 c5 11. Rd1 Qc7 12. a3 Rd8 13. h3 Nbd7 14. Bd2 1/2-1/2

[Event "7th Parsvnath International Open Chess T"]
[Site "Modern School, Barakhamba Road"]
[Date "2009.01.14"]
[Round "5.33"]
[White "Tejas Ravichandran"]
[Black "Suvrajit Saha"]
[Result "1/2-1/2"]
[WhiteElo "2189"]
[BlackElo "2368"]
[PlyCount "104"]
[EventDate "2009.01.11"]

1. Nf3 Nf6 2. c4 d6 3. d4 Nbd7 4. b4 e5 5. e3 c6 6. Be2 a5 7. b5 cxb5 8. cxb5
e4 9. Nfd2 d5 10. a4 Bd6 11. Ba3 Nf8 12. Nc3 Bxa3 13. Rxa3 h5 14. Qc2 Qd6 15.
Ra1 Ne6 16. Rc1 Bd7 17. b6 O-O 18. Qa2 Rfc8 19. O-O Rc6 20. Nb5 Qb8 21. f3 exf3
22. Nxf3 Rxb6 23. Ne5 Be8 24. Bd3 Qd8 25. Qc2 Bxb5 26. Bxb5 Qe7 27. Bd3 Rd6 28.
Qf2 Rdd8 29. Qf5 Rac8 30. Rxc8 Rxc8 31. g4 Rc3 32. g5 Ne4 33. g6 fxg6 34. Qxg6
Qg5+ 35. Qxg5 N6xg5 36. h4 Ne6 37. Bxe4 dxe4 38. d5 Nd8 39. Rf4 Rc5 40. Nd7
Rc1+ 41. Kf2 Nf7 42. Rxe4 Nd6 43. Re6 Nf5 44. e4 Rc2+ 45. Kf1 Nxh4 46. d6 Nf3
47. Re8+ Kh7 48. Nf8+ Kh6 49. d7 Rd2 50. d8=Q Nh2+ 51. Ke1 Nf3+ 52. Kf1 Nh2+
1/2-1/2

[Event "7th Parsvnath International Open Chess T"]
[Site "Modern School, Barakhamba Road"]
[Date "2009.01.14"]
[Round "5.34"]
[White "Choudhary, Jitendra Kumar"]
[Black "Nitin, S."]
[Result "1/2-1/2"]
[WhiteElo "2187"]
[BlackElo "2365"]
[PlyCount "119"]
[EventDate "2009.01.11"]

1. e4 c5 2. Nf3 d6 3. d4 cxd4 4. Nxd4 Nf6 5. Nc3 a6 6. g3 e5 7. Nde2 Nbd7 8.
Bg2 b5 9. O-O Bb7 10. Bg5 Be7 11. Bxf6 Nxf6 12. Nd5 Nxd5 13. exd5 O-O 14. a4
Qb6 15. axb5 axb5 16. Qd2 Rfc8 17. c3 Qc5 18. Rxa8 Rxa8 19. Nc1 Ra1 20. Rd1 Qc4
21. Nd3 Qa4 22. Rxa1 Qxa1+ 23. Qc1 Qxc1+ 24. Nxc1 f5 25. Nd3 e4 26. Nb4 Bg5 27.
Bf1 Bc1 28. Bxb5 Bxb2 29. c4 Kf7 30. Kf1 Kf6 31. Ke2 g5 32. f3 Bd4 33. Ba6 Bxa6
34. Nxa6 g4 35. fxg4 fxg4 36. Nb4 Kf5 37. Nc6 Bg1 38. Kf1 Bc5 39. Ke2 Kf6 40.
Kf1 h5 41. Nd8 Bb6 42. Ne6 Ke5 43. Ke2 Bg1 44. Kf1 Bxh2 45. Kg2 h4 46. gxh4 e3
47. Kf1 Ke4 48. Ke2 Be5 49. Ng5+ Kf4 50. Ne6+ Kg3 51. Kxe3 Kxh4 52. Kf2 Kh3 53.
Ng5+ Kh2 54. Ke3 Bf6 55. Ne4 g3 56. Nxg3 Kxg3 57. c5 dxc5 58. d6 Kg4 59. Ke4 c4
60. d7 1/2-1/2

[Event "7th Parsvnath International Open Chess T"]
[Site "Modern School, Barakhamba Road"]
[Date "2009.01.14"]
[Round "5.35"]
[White "Shiven, Khosla"]
[Black "Swapnil, S  Dhopade"]
[Result "1-0"]
[WhiteElo "2168"]
[BlackElo "2361"]
[PlyCount "87"]
[EventDate "2009.01.11"]

1. e4 c5 2. Nf3 e6 3. d4 cxd4 4. Nxd4 Nc6 5. Nc3 Qc7 6. Be2 a6 7. O-O Nf6 8.
Be3 Bb4 9. Na4 O-O 10. c4 Be7 11. Nc3 b6 12. Nxc6 dxc6 13. c5 b5 14. b4 a5 15.
a3 e5 16. f4 Rd8 17. Qb1 Bg4 18. h3 Bxe2 19. Nxe2 axb4 20. axb4 Rxa1 21. Qxa1
exf4 22. Rxf4 Rd3 23. Bd4 Rd2 24. Be5 Qd7 25. Nd4 Ne8 26. Qc3 Rd1+ 27. Rf1
Rxf1+ 28. Kxf1 Bf6 29. Nf5 Qd1+ 30. Kf2 h5 31. Bxf6 Nxf6 32. Nd6 Kf8 33. Qa3
Qa4 34. Qb2 Qd1 35. Qa2 Qd4+ 36. Ke2 Kg8 37. Qxf7+ Kh7 38. Qxg7+ Kxg7 39. Nf5+
Kf7 40. Nxd4 Nxe4 41. Nxc6 Kf6 42. Kd3 Nf2+ 43. Ke3 Nd1+ 44. Kd4 1-0

[Event "7th Parsvnath International Open Chess T"]
[Site "Modern School, Barakhamba Road"]
[Date "2009.01.14"]
[Round "5.36"]
[White "Arun, Karthik R"]
[Black "Singh, Arvinder Preet"]
[Result "1-0"]
[WhiteElo "2348"]
[BlackElo "2155"]
[PlyCount "83"]
[EventDate "2009.01.11"]

1. e4 c5 2. Nf3 Nc6 3. Nc3 e5 4. Bc4 d6 5. d3 Be7 6. O-O Nf6 7. Ng5 O-O 8. f4
exf4 9. Bxf4 Na5 10. Qd2 Nxc4 11. dxc4 Bg4 12. h3 Bh5 13. Nf3 Bg6 14. Rfe1 Re8
15. Rad1 Qb6 16. Bg5 Rad8 17. b3 Qc6 18. Qd3 h6 19. Bxf6 Bxf6 20. Nd5 Bh7 21.
Nxf6+ gxf6 22. Nd2 Re5 23. Qg3+ Kh8 24. Rf1 Re6 25. Rf4 Rg8 26. Qf3 Rg6 27. Rf1
Kg7 28. Nb1 Qe8 29. Nc3 Rg5 30. h4 Rge5 31. Nd5 Bxe4 32. Qg3+ Bg6 33. Nxf6 Qd8
34. Ng4 Re2 35. Qc3+ Kh7 36. h5 Qe7 37. hxg6+ Kxg6 38. Qd3+ Kg7 39. Qf3 Qg5 40.
Rxf7+ Kg6 41. Rf8 Kh5 42. Ne5+ 1-0

[Event "7th Parsvnath International Open Chess T"]
[Site "Modern School, Barakhamba Road"]
[Date "2009.01.14"]
[Round "5.37"]
[White "Deric, Pinto"]
[Black "Shivananda, B S."]
[Result "0-1"]
[WhiteElo "2142"]
[BlackElo "2347"]
[PlyCount "57"]
[EventDate "2009.01.11"]

1. e4 Nf6 2. e5 Nd5 3. d4 d6 4. c4 Nb6 5. f4 dxe5 6. fxe5 Nc6 7. Be3 Bf5 8. Nc3
e6 9. Nf3 Be7 10. d5 exd5 11. cxd5 Nb4 12. Nd4 Bd7 13. e6 fxe6 14. dxe6 Bc6 15.
Qg4 Bh4+ 16. g3 Bxh1 17. gxh4 O-O 18. O-O-O Qf6 19. Bb5 Qe5 20. Bg5 c5 21. e7
cxd4 22. exf8=Q+ Rxf8 23. Rxh1 h6 24. Bxh6 dxc3 25. Rg1 cxb2+ 26. Kb1 Rf7 27.
Bd2 Qxb5 28. Bf4 Qd3+ 29. Kxb2 0-1

[Event "7th Parsvnath International Open Chess T"]
[Site "Modern School, Barakhamba Road"]
[Date "2009.01.14"]
[Round "5.38"]
[White "Sai, Krishna G V"]
[Black "Mishra, Neeraj-Kumar"]
[Result "1/2-1/2"]
[WhiteElo "2162"]
[BlackElo "2338"]
[PlyCount "99"]
[EventDate "2009.01.11"]

1. e4 c5 2. Nf3 e6 3. d4 cxd4 4. Nxd4 Nc6 5. Nc3 a6 6. Be2 Nge7 7. Nb3 Na5 8.
O-O Nec6 9. Be3 b5 10. Nxa5 Qxa5 11. a3 Be7 12. f4 O-O 13. e5 f5 14. g4 g6 15.
gxf5 gxf5 16. Rf3 Qc7 17. Rh3 Bb7 18. Bd3 Rf7 19. Qh5 Rg7+ 20. Kf2 Kh8 21. Rg1
Rag8 22. Nd5 Qd8 23. Rg6 Qf8 24. Nf6 Qf7 25. Rxg7 Rxg7 26. Qxf7 Rxf7 27. Nxd7
Bxa3 28. bxa3 Rxd7 29. Rh6 Nd8 30. Bc5 Bd5 31. Rh3 Kg8 32. Rg3+ Rg7 33. a4 Nb7
34. Ba3 bxa4 35. Bxa6 Rxg3 36. hxg3 Na5 37. Bb4 Nc4 38. Bxc4 Bxc4 39. Ke3 Kf7
40. Kd4 Ba2 41. Kc5 Ke8 42. Kb5 Kd7 43. Kxa4 Kc6 44. Bd6 h5 45. Kb4 Kd5 46. Kb5
Bc4+ 47. Kb6 Bf1 48. Kc7 Bb5 49. Kd8 Bc4 50. Ke7 1/2-1/2

[Event "7th Parsvnath International Open Chess T"]
[Site "Modern School, Barakhamba Road"]
[Date "2009.01.14"]
[Round "5.39"]
[White "Preethi, R."]
[Black "Ashwath, R."]
[Result "1/2-1/2"]
[WhiteElo "2140"]
[BlackElo "2312"]
[PlyCount "36"]
[EventDate "2009.01.11"]

1. e4 e5 2. Nf3 Nc6 3. Bc4 Bc5 4. c3 Nf6 5. d4 exd4 6. e5 d5 7. Bb5 Ne4 8. cxd4
Bb6 9. Be3 O-O 10. Nc3 f5 11. exf6 Nxc3 12. bxc3 Qxf6 13. Qb3 Ne7 14. O-O h6
15. Ne5 Be6 16. Rae1 Nf5 17. Bd3 Nxe3 18. Rxe3 Rad8 1/2-1/2

[Event "7th Parsvnath International Open Chess T"]
[Site "Modern School, Barakhamba Road"]
[Date "2009.01.14"]
[Round "5.40"]
[White "Deshmukh, Anup"]
[Black "Upadhayay, R."]
[Result "0-1"]
[WhiteElo "2311"]
[BlackElo "2132"]
[PlyCount "48"]
[EventDate "2009.01.11"]

1. d4 Nf6 2. c4 g6 3. Nc3 Bg7 4. e4 d6 5. f4 O-O 6. Nf3 Na6 7. e5 Nd7 8. h4 c5
9. h5 cxd4 10. hxg6 dxc3 11. gxf7+ Rxf7 12. Ng5 Nxe5 13. fxe5 Qa5 14. Nxf7
cxb2+ 15. Bd2 bxa1=Q 16. Qxa1 Qa3 17. Nh6+ Bxh6 18. Bxh6 Qg3+ 19. Kd2 Nc5 20.
Qd4 Bf5 21. Be2 Ne4+ 22. Kc1 Nc3 23. Bf1 Qe1+ 24. Kb2 Qb1+ 0-1

[Event "7th Parsvnath International Open Chess T"]
[Site "Modern School, Barakhamba Road"]
[Date "2009.01.14"]
[Round "5.41"]
[White "Ramaraju, N."]
[Black "Shetty, Rahul"]
[Result "0-1"]
[WhiteElo "2131"]
[BlackElo "2311"]
[PlyCount "88"]
[EventDate "2009.01.11"]

1. Nf3 d5 2. d4 Nf6 3. c4 c6 4. e3 e6 5. b3 Nbd7 6. Bd3 Bb4+ 7. Bd2 Qe7 8. Nc3
e5 9. dxe5 Nxe5 10. Qe2 Nxd3+ 11. Qxd3 dxc4 12. Qxc4 Be6 13. Qh4 O-O-O 14. Rc1
Bg4 15. Nb1 h6 16. Bxb4 Qxb4+ 17. Nfd2 Rxd2 18. Nxd2 Rd8 19. Rc2 Qe4 20. Rb2
Qd3 21. f3 Qxe3+ 22. Kd1 Qc3 23. Rc2 Qa1+ 24. Rc1 Qxa2 25. Rc2 Qb1+ 26. Rc1 Qd3
27. Rc2 Bf5 28. Qc4 Qxc2+ 29. Qxc2 Bxc2+ 30. Kxc2 Kc7 31. Re1 Nd5 32. Nc4 b6
33. g3 a5 34. Kb2 Rd7 35. Re2 Re7 36. Rd2 Re1 37. f4 f6 38. Na3 Ne3 39. Nc2
Nxc2 40. Kxc2 b5 41. Kb2 Re3 42. Ka2 Re4 43. Kb2 a4 44. bxa4 Rxa4 0-1

[Event "7th Parsvnath International Open Chess T"]
[Site "Modern School, Barakhamba Road"]
[Date "2009.01.14"]
[Round "5.42"]
[White "Dave, Kantilal"]
[Black "Akshat, Khamparia"]
[Result "1/2-1/2"]
[WhiteElo "2125"]
[BlackElo "2306"]
[PlyCount "88"]
[EventDate "2009.01.11"]

1. c4 e5 2. Nc3 Nf6 3. Nf3 Nc6 4. d4 exd4 5. Nxd4 Bb4 6. Nxc6 bxc6 7. Bd2 O-O
8. Qc2 d5 9. e3 Be6 10. Be2 Qd7 11. O-O Bf5 12. Qa4 Rfb8 13. Rfd1 Bd6 14. cxd5
Rxb2 15. e4 Bg6 16. f3 cxd5 17. Qxd7 Nxd7 18. Nxd5 Nb6 19. Nxb6 axb6 20. Bc4
Be5 21. Be3 Rc2 22. Rac1 Rxc1 23. Bxc1 Kf8 24. Bd5 Ra7 25. Rd3 f5 26. Ba3+ c5
27. Rb3 fxe4 28. fxe4 Bf7 29. Bxf7 Bd4+ 30. Kf1 Rxf7+ 31. Rf3 Rxf3+ 32. gxf3 b5
33. Ke2 b4 34. Bc1 c4 35. Be3 Be5 36. Bc5+ Ke8 37. Bxb4 Bxh2 38. Bc3 g6 39. Ke3
h5 40. f4 Kf7 41. Kf3 Bg1 42. a4 Ke6 43. a5 h4 44. Kg4 Bf2 1/2-1/2

[Event "7th Parsvnath International Open Chess T"]
[Site "Modern School, Barakhamba Road"]
[Date "2009.01.14"]
[Round "5.43"]
[White "Premnath, R."]
[Black "Negi, V  S."]
[Result "1/2-1/2"]
[WhiteElo "2303"]
[BlackElo "2113"]
[PlyCount "68"]
[EventDate "2009.01.11"]

1. d4 d5 2. c4 c6 3. Nc3 Nf6 4. Nf3 e6 5. e3 Nbd7 6. Qc2 h6 7. b3 Bd6 8. Bd2
O-O 9. Be2 Qe7 10. Rd1 dxc4 11. Bxc4 Re8 12. Ne2 e5 13. Ng3 e4 14. Nf5 Qf8 15.
N3h4 Nd5 16. Nxd6 Qxd6 17. Nf5 Qg6 18. Ng3 N7f6 19. O-O Nh5 20. Bxd5 cxd5 21.
Qc7 Nxg3 22. hxg3 Qa6 23. a4 Be6 24. Qa5 Qxa5 25. Bxa5 Rec8 26. Rc1 Rxc1 27.
Rxc1 Rc8 28. Rxc8+ Bxc8 29. Bc7 Bg4 30. a5 Be2 31. Bb8 a6 32. Bd6 f5 33. Kh2 g5
34. b4 g4 1/2-1/2

[Event "7th Parsvnath International Open Chess T"]
[Site "Modern School, Barakhamba Road"]
[Date "2009.01.14"]
[Round "5.44"]
[White "Md, Irshad"]
[Black "Ramakrishna, J."]
[Result "1-0"]
[WhiteElo "2106"]
[BlackElo "2298"]
[PlyCount "99"]
[EventDate "2009.01.11"]

1. d4 Nf6 2. c4 g6 3. Nc3 Bg7 4. e4 d6 5. f4 O-O 6. Nf3 c5 7. Be3 cxd4 8. Nxd4
Nc6 9. Be2 Bd7 10. O-O a6 11. Bf3 Rb8 12. Rc1 Na5 13. Qe2 e5 14. fxe5 dxe5 15.
Nb3 Nxb3 16. axb3 Qa5 17. Rfd1 Bc6 18. Qf2 Qb4 19. Bc5 Qxb3 20. Bxf8 Bxf8 21.
Nd5 Nd7 22. Rc3 Qa4 23. Kh1 Bc5 24. Qh4 Bxd5 25. cxd5 Kg7 26. Be2 b6 27. Rf1 h6
28. Bg4 f5 29. exf5 h5 30. Rxc5 Nxc5 31. Qe7+ Kh6 32. fxg6 Qxg4 33. Qh7+ Kg5
34. g7 Kh4 35. Rf3 Ne4 36. Rh3+ Kg5 37. g8=Q+ Rxg8 38. Qxg8+ Kh6 39. Qxg4 Nf2+
40. Kg1 Nxg4 41. Rb3 b5 42. Ra3 Kg6 43. Rxa6+ Kf5 44. Rb6 e4 45. h3 Ne5 46.
Rxb5 e3 47. d6 Ke6 48. Rxe5+ Kxe5 49. d7 e2 50. Kf2 1-0

[Event "7th Parsvnath International Open Chess T"]
[Site "Modern School, Barakhamba Road"]
[Date "2009.01.14"]
[Round "5.45"]
[White "Maheswaran, P."]
[Black "Sharma, Harish"]
[Result "1-0"]
[WhiteElo "2297"]
[BlackElo "2091"]
[PlyCount "149"]
[EventDate "2009.01.11"]

1. d4 d5 2. c4 e6 3. Nf3 Nf6 4. g3 Bb4+ 5. Bd2 Bxd2+ 6. Nbxd2 O-O 7. Bg2 c6 8.
O-O Nbd7 9. Qc2 Re8 10. Rfd1 e5 11. dxe5 Nxe5 12. Nxe5 Rxe5 13. Nf3 Bf5 14. Qb3
Re7 15. cxd5 cxd5 16. Nd4 Be6 17. Rac1 a6 18. Nxe6 fxe6 19. e4 Rd7 20. Bh3 Qe7
21. exd5 Rxd5 22. Re1 Rb5 23. Qxe6+ Qxe6 24. Bxe6+ Kh8 25. b3 Re8 26. Bc4 Rc5
27. Rxe8+ Nxe8 28. Rd1 Rc8 29. Be6 Rb8 30. g4 h6 31. f4 Nf6 32. g5 Nh5 33. gxh6
Nxf4 34. hxg7+ Kxg7 35. Bg4 Kf6 36. Kf2 Rg8 37. Kf3 Ng6 38. Rd6+ Ke5 39. Rd2
Nh4+ 40. Kg3 Nf5+ 41. Kf3 Nh4+ 42. Kg3 Nf5+ 43. Kh3 Ne3 44. Re2 Ke4 45. Bh5 Kf4
46. Rf2+ Kg5 47. Be2 Rd8 48. Kg3 Nf5+ 49. Kf3 Nh4+ 50. Ke3 Nf5+ 51. Ke4 Re8+
52. Kd3 Rd8+ 53. Kc3 Rc8+ 54. Kd2 Rc7 55. Bd3 Nh6 56. Rg2+ Kf4 57. h3 Rd7 58.
Rg6 Nf7 59. Rg7 Ke5 60. Ke3 Kf6 61. Rg6+ Ke7 62. Bc4 Nd6 63. Rg7+ Kd8 64. Rxd7+
Kxd7 65. Bd3 Nf7 66. h4 Kd6 67. Kf4 Ne5 68. Be4 b5 69. Kf5 Nd7 70. h5 Ke7 71.
h6 Kf8 72. Bd5 b4 73. Bc4 a5 74. Bd5 Nb6 75. Be6 1-0

[Event "7th Parsvnath International Open Chess T"]
[Site "Modern School, Barakhamba Road"]
[Date "2009.01.14"]
[Round "5.46"]
[White "Karma, Pandya"]
[Black "Mishra, Soumyaranjan"]
[Result "1/2-1/2"]
[WhiteElo "2058"]
[BlackElo "2296"]
[PlyCount "101"]
[EventDate "2009.01.11"]

1. e4 Nf6 2. e5 Nd5 3. d4 d6 4. c4 Nb6 5. exd6 exd6 6. Bd3 Be7 7. Ne2 Bg4 8.
Nbc3 Nc6 9. Be3 O-O 10. O-O Nb4 11. f3 Bh5 12. b3 Bg5 13. Bxg5 Qxg5 14. f4 Qf6
15. Qd2 d5 16. c5 Nc8 17. Bb1 Bxe2 18. Nxe2 Nc6 19. Bc2 N8e7 20. b4 Nf5 21.
Bxf5 Qxf5 22. b5 Ne7 23. Ng3 Qd7 24. Rae1 Rfe8 25. f5 f6 26. Qd3 Kh8 27. Nh5
Ng8 28. Qg3 Nh6 29. c6 bxc6 30. bxc6 Qf7 31. Qf3 Re4 32. Ng3 Rxd4 33. Rd1 Rxd1
34. Rxd1 Rd8 35. Qa3 Qe8 36. Qc5 d4 37. h3 Qe3+ 38. Kh2 Nf7 39. Qxa7 Qe5 40.
Rd3 h5 41. Kg1 h4 42. Nf1 Nh6 43. Ra3 Nxf5 44. Ra5 Qf4 45. Rxf5 Qxf5 46. Qxc7
Qc8 47. Qa5 Rd6 48. c7 Rd7 49. Qc5 Qxc7 50. Qh5+ Kg8 51. Qe8+ 1/2-1/2